MDQL
is popping MORE tags! Check the
thread
!
Quizzes
Events
Quiz Creation
Community
Videos
Private Events
Remove Ads
Sign In
Join for FREE
Feedback
Dark Mode
Quiz Categories
Sports
Geography
Music
Movies
Television
Just For Fun
Miscellaneous
History
Literature
Language
Science
Gaming
Entertainment
Religion
Holiday
For Kids
Quiz Lab
Recent
Popular Today
Quiz Kudos Today
Editor Picks
Curator Picks
Quizzes by...
Day
Popularity
Type
Ratings
Length
Year
Community
Subscriptions
Recent Discussions
Orange Saloon
Badges
Playlists
Quests
Create
Leaderboards
Showdown
Live 5
Trivia Bingo
Activity
Puzzle Library
Sporcle Events
Private Events
Virtual Trivia
Globe League
Become a Host
Pub Owners
SporcleCon
Opinionation
Our Games
Videos
Blog
Mobile Apps
Partnerships
Remove Ads and Go Orange
Feedback
Sports
Athletes
MLB
NBA
NHL
NFL
Soccer
Sports Teams
WWE
NCAA
Football
Premier League
Basketball
Baseball
Hockey
Golf
Tennis
Cricket
Rugby
Auto Racing
Olympics
World Cup
Sports
Athletes
MLB
NBA
NHL
NFL
Soccer
Sports Teams
WWE
NCAA
Football
Premier League
Basketball
Baseball
Hockey
Golf
Tennis
Cricket
Rugby
Auto Racing
Olympics
World Cup
Random Quiz
Search Sporcle
×
Quiz Lab
Quiz Lab
Sports
NFL
Type in answers that appear in a list
Type in answers that appear in a list
Classic
Best Score? Go Orange.
Week 1 NFL Scores Stats
Can you name the NFL scores for Week 1?
By
GoldenBoy999
5m
32 Questions
81 Plays
81 Plays
81 Plays
Comments
Comments
Give Quiz Kudos
Give Quiz Kudos
-
- Ratings
hide this ad
More Info
Forced Order
Answers have to be entered in order
Answers have to be entered in order
Replay
Link that replays current quiz
Next Quiz
Link to next quiz in quiz playlist
You Got
0%
They Got
Avg Score
61%
Avg Friend Score
Upgrade to see
Score Distribution
Jump to the score distribution portion of the page
Score
0/32
Timer
05:00
0
Plays Today
Matchup
Score
% Correct
New Orleans vs. Green Bay
34
86.4%
New Orleans vs. Green Bay
42
81.5%
Pittsburgh vs. Baltimore
7
76.5%
Indianapolis vs. Houston
7
75.3%
Pittsburgh vs. Baltimore
35
74.1%
Tennessee vs. Jacksonville
16
70.4%
Indianapolis vs. Houston
34
70.4%
Tennessee vs. Jacksonville
14
69.1%
Philadelphia vs. St. Louis
13
66.7%
Cincinnati vs. Cleveland
27
65.4%
Philadelphia vs. St. Louis
31
65.4%
Buffalo vs. Kansas City
41
65.4%
Buffalo vs. Kansas City
7
65.4%
Cincinnati vs. Cleveland
17
63%
Denver vs. Oakland
20
60.5%
Denver vs. Oakland
23
60.5%
Matchup
Score
% Correct
Minnesota vs. San Diego
17
59.3%
New England vs. Miami
38
59.3%
Minnesota vs. San Diego
24
58%
New England vs. Miami
24
58%
Seattle vs. San Francisco
17
55.6%
Carolina vs. Arizona
21
55.6%
Dallas Cowboys vs. New York Jets
27
55.6%
Detroit vs. Tampa Bay
27
54.3%
Detroit vs. Tampa Bay
20
54.3%
Seattle vs. San Francisco
33
53.1%
Carolina vs. Arizona
28
53.1%
Dallas Cowboys vs. New York Jets
24
49.4%
New York Giants vs. Washington
28
49.4%
New York Giants vs. Washington
14
44.4%
Atlanta vs. Chicago
12
43.2%
Atlanta vs. Chicago
30
42%
Quiz Playlist
Details
Report
Send in Message
Add To Playlist
More Info:
You know who won, but do you know the scores?
Classic:
Type in answers that appear in a list
Forced Order:
Answers have to be entered in order
Last Updated: Feb 16, 2017
Quiz Scoreboard
CHALLENGE
Sign Up to Join the Scoreboard
Show All
Scores
Hide
Comments
May contain spoilers
Recently Published
Colored Red Africa Blitz
by spor1
Geography
30s
Find the 'City' Movie
by crazypaving
Movies
60s
5x2 Blitz: Bands
by SL_Kpop136
Music
30s
More to Explore
Quiz From the Vault
Featured Blog Post
14 Easter Pick-up Lines to Find Eggs With
hide this ad
You Might Also Like...
Tags
NFL Quiz
score
team
Week
Week 1
Today's Top Quizzes in Sports
Browse Sports
hide this ad
Today's Top Quizzes in NFL
Browse NFL
Top Contributed Quizzes in Sports
1
Les entraîneurs de l'OM et du PSG au 21e siècle
2
Les meilleurs buteurs des matchs entre le PSG et l’OM
3
Les joueurs passés par le PSG et l'OM
4
Players with Multiple 50 Home Run Seasons
5
2022 World Cup Stars
6
Criteria MLB: Left Handed Sluggers
7
NBA Logic Puzzle 2.0
8
MLB Players with Two .350 Batting Average Seasons
9
Top 10 NHL Goal Scorers of All Time
10
Les joueurs passés par le LOSC et le RC Lens
Explore More
Trending Topics
NBA
Kpop
Marvel
Harry Potter
Crossword
Disney
Anime
The Office
Puzzle
Song
Soccer
NFL
Country
WWE
Pokémon
hide this ad
More By:
GoldenBoy999
Quiz
Plays
Rating
Category
Featured
Created
Countries Whose Capitals Contain 'City'
97,655
4.43
Geography
Aug 18, 2011
MINES: NBA Teams by Attendance
6,275
3.42
Sports
Jun 25, 2011
The Lazy Song (lyrics)
3,757
3.64
Music
Jul 28, 2011
Hip Hop's Top 20 Earners
1,274
4.80
Miscellaneous
Aug 10, 2011
Family Feud!! 3
1,124
2.89
Just For Fun
Aug 9, 2011
Go to Creator's Profile
Score Distribution
Quiz Creator Spotlight
GoldenBoy999
Follow
Send a Message
Quizzes Created
-
Created Quiz Play Count
-
More By This Creator
Popular Quizzes Today
1
Colored Red Africa Blitz
2
Find the 'City' Movie
3
5x2 Blitz: Bands
4
Find the US States - No Outlines Minefield
5
The Countries of the World
6
Find the US States
7
US States
8
Find the Countries of Europe - No Outlines Minefield
More Sports Quizzes
NFL 100 All-Time Team Quarterbacks
Quiz Lab
Trending Quizzes
Colored Red Europe Blitz I
Colored Red Europe Blitz II
Colored Red Africa Blitz II
Colored Red Europe Blitz III
Colored Red Africa Blitz III
Recently Updated
How Do You Spell That?
pecheneg
Godzilla Movies
pecheneg
Grab Bag: 4-10 Letters
pecheneg
2024 March Madness Bracket
pecheneg
Famous TV Couples
Peacemaker
Champions League XIs: Real Madrid
pecheneg
Largest US Cities 1790-2010
pecheneg
Rides in Walt Disney World
pecheneg
Most Oscar Losses (Acting)
pecheneg
Beyoncé Albums
pecheneg
Trending Topics
NBA
Marvel
Crossword
Harry Potter
Kpop
Anime
Disney
Soccer
Song
Country
Pokémon
The Office
Puzzle
WWE
NFL
Your Account Isn't Verified!
In order to create a playlist on Sporcle, you need to verify the email address you used during registration. Go to your
Sporcle Settings
to finish the process.
Report this User
Report this user for behavior that violates our
Community Guidelines
.
Details:
Send Report
Go to the Sporcle.com Mobile Site →
Comments